Online
Catalog

Los escritos revolucionarios / (Record no. 21493)

MARC details
000 -CABECERA
campo de control de longitud fija 00815nam a2200217 a 4500
001 - NÚMERO DE CONTROL
campo de control 000021995
005 - FECHA Y HORA DE LA ÚLTIMA TRANSACCIÓN
campo de control 20200930011533.0
008 - DATOS DE LONGITUD FIJA--INFORMACIÓN GENERAL
campo de control de longitud fija 100915s2005 gr r 000 | spa d
020 ## - NÚMERO INTERNACIONAL ESTÁNDAR DEL LIBRO
Número Internacional Estándar del Libro 9608745896
040 ## - FUENTE DE LA CATALOGACIÓN
Centro catalogador/agencia de origen DO-SdBNP
Lengua de catalogación spa
Centro/agencia transcriptor BNPHU
082 ## - NÚMERO DE LA CLASIFICACIÓN DECIMAL DEWEY
Número de clasificación xxx
Número de documento/Ítem V436e
049 ## - FONDOS LOCALES (OCLC)
Fondos de biblioteca BNGR
100 1# - ENTRADA PRINCIPAL--NOMBRE DE PERSONA
Nombre de persona Velestinlís, Rigas
9 (RLIN) 45590
240 #0 - TÍTULO UNIFORME
Título uniforme TA EПАпАΣTΙΚΑ
245 14 - MENCIÓN DE TÍTULO
Título Los escritos revolucionarios /
Mención de responsabilidad, etc. Rigas Velestinlís; traducción, Isabel García Gálvez; introducción y edición, Dimitrios Karamberópulos.
260 ## - PUBLICACIÓN, DISTRIBUCIÓN, ETC.
Lugar de publicación, distribución, etc. Atenas :
Nombre del editor, distribuidor, etc. Sociedad Científica de Estudios sobre Feres- Velestino-Rigas,
Fecha de publicación, distribución, etc. 2005.
300 ## - DESCRIPCIÓN FÍSICA
Extensión 182 p. :
Otras características físicas il. ;
Dimensiones 24 cm.
534 ## - NOTA SOBRE LA VERSIÓN ORIGINAL
Encabezamiento principal del original Título original :
Mención de título del original TA EПАпАΣTΙΚΑ
700 1# - PUNTO DE ACCESO ADICIONAL--NOMBRE DE PERSONA
Nombre de persona García Gálvez, Isabel
Término indicativo de función/relación tr.
9 (RLIN) 45591
700 1# - PUNTO DE ACCESO ADICIONAL--NOMBRE DE PERSONA
Nombre de persona Karamberópulos, Dimitrios
Término indicativo de función/relación introd.
9 (RLIN) 45592
Holdings
Estado de retiro Estado de pérdida Restricciones de uso No para préstamo Código de colección Localización permanente Ubicación/localización actual Ubicación en estantería Fecha de adquisición Número de inventario Total de préstamos Signatura topográfica completa Código de barras Fecha visto por última vez Precio válido a partir de Tipo de ítem Koha
      Excluido de préstamo Monografías: Libros y Folletos General General En catalogación 15.09.2010 LF1   xxx V436e 21995-10 25.06.2020 25.06.2020 No se presta

Powered by Koha